Cartas 1926-1950
Wedi'i Gadw mewn:
| Prif Awdur: | |
|---|---|
| Fformat: | Llyfr |
| Iaith: | Sbaeneg |
| Cyhoeddwyd: |
Madrid
Alianza
1973
|
| Cyfres: | Alianza Tres, 3-4
|
| Pynciau: | |
| Tagiau: |
Ychwanegu Tag
Dim Tagiau, Byddwch y cyntaf i dagio'r cofnod hwn!
|
MARC
| LEADER | 00000nam a2200000 a 4500 | ||
|---|---|---|---|
| 001 | UCO5471 | ||
| 003 | CL-VaPUC | ||
| 008 | 000901e19730000SP |||||||||||||||||spa|d | ||
| 082 | 0 | 4 | |a 856 |b PAV |2 21 |
| 100 | |a Pavese, Cesare |e autor |9 326600 | ||
| 245 | 1 | 0 | |a Cartas 1926-1950 |
| 300 | |a v | ||
| 942 | |c BK | ||
| 945 | |d 20000901 00:00:00 |a crobeson | ||
| 260 | |a Madrid |b Alianza |c 1973 | ||
| 650 | 0 | |a Cartas |9 321777 | |
| 650 | 0 | |a Epistolarios |9 438790 | |
| 650 | 0 | |a Poetas italianos |9 375878 | |
| 650 | 0 | |a Literatura italiana |9 266970 | |
| 583 | |a last modification |c 20000901 00:00:00 |k Rodrigo Vera | ||
| 490 | 0 | |a Alianza Tres, 3-4 | |
| 999 | |c 291329 |d 291327 | ||
| 952 | |0 0 |1 0 |4 0 |6 856_000000000000000_PAV_1973 |7 0 |8 A |9 341148 |a BIBART |b BIBART |d 2019-11-20 |h v.1 |i 1220691 |o 856 PAV 1973 |p 1220691 |r 2025-03-13 |w 2019-11-20 |y BK |k ART | ||
| 952 | |0 0 |1 0 |4 0 |6 856_000000000000000_PAV_1973 |7 0 |8 A |9 341149 |a BIBART |b BIBART |d 2019-11-20 |h v.2 |i 1220705 |o 856 PAV 1973 |p 1220705 |r 2025-03-13 |w 2019-11-20 |y BK |k ART | ||